<?xml version="1.0" encoding="UTF-8"?>
<collection xmlns="http://www.loc.gov/MARC21/slim">
  <record>
    <leader>00000nam  2200000   4500</leader>
    <controlfield tag="001">INLIS000000000020636</controlfield>
    <controlfield tag="005">20250725015132</controlfield>
    <datafield tag="035" ind1="#" ind2="#">
      <subfield code="a">0010-0725000166</subfield>
    </datafield>
    <controlfield tag="007">ta</controlfield>
    <controlfield tag="008">250725################|##########|#|##</controlfield>
    <datafield tag="084" ind1="#" ind2="#">
      <subfield code="a">R 0020 PKA 2024</subfield>
    </datafield>
    <datafield tag="100" ind1=" " ind2="#">
      <subfield code="a">M. Fahrurozi R. Nasution</subfield>
    </datafield>
    <datafield tag="245" ind1="1" ind2="#">
      <subfield code="a">Transformasi Layanan Melalui Penerapan SMARTER (Sistematis, Modern, Andal, Responsif, Efektif, Real Time) /</subfield>
      <subfield code="c">M. Fahrurozi R. Nasution</subfield>
    </datafield>
    <datafield tag="260" ind1="#" ind2="#">
      <subfield code="a">Jakarta :</subfield>
      <subfield code="b">Pusbangkom Pimnas dan Manajerial ASN,</subfield>
      <subfield code="c">2024</subfield>
    </datafield>
    <datafield tag="300" ind1="#" ind2="#">
      <subfield code="a">39 hlm. ;</subfield>
      <subfield code="c">30 cm</subfield>
    </datafield>
    <datafield tag="650" ind1="#" ind2="4">
      <subfield code="a">Transformasi Layanan</subfield>
    </datafield>
    <datafield tag="520" ind1="#" ind2="#">
      <subfield code="a">Aksi perubahan ini berjudul "Transformasi Layanan melalui Penerapan SMARTER (Sistematis, Modern, Andal, Responsif, Efektif, Real Time) di bagian Umum dan layanan pengadaan, Biro SDM dan Umum LAN" dan dirancang untuk merespons tantangan operasional dan manajerial yang semakin kompleks di lingkungan LAN. Aksi perubahan ini hadir di tengah kondisi dunia semakin cepat berkembang atau yang sering disebut sebagai VUCA, yaitu Volatility, Uncertainty, Complexity, dan Ambiguity, yang menuntut organisasi untuk beradaptasi dengan cepat, membuat keputusan ditengah ketidakpastian serta mengelola berbagai faktor yang saling terkait. Hal itulah yang merupakan tantangan ASN untuk menciptakan pola kerja yang memang tidak mudah. ASN harus mempunyai kompetensi yang mumpuni agar dapat merespons perubahan yang terjadi di era ini. Era New Normal pasca pandemi Covid 19 membuat intensitas VUCA semakin kuat</subfield>
    </datafield>
    <datafield tag="990" ind1="#" ind2="#">
      <subfield code="a">2024/1.2.3/A/0020</subfield>
    </datafield>
  </record>
</collection>
